[Event "2nd EUR-ch (w)"]
[Site "Warsaw POL"]
[Date "2001.05.01"]
[Round "9.19"]
[White "Olarasu, Gabriela"]
[Black "Galianina-Ryanova, Yulia"]
[Result "1-0"]
[WhiteElo "2278"]
[BlackElo "2389"]
[EventDate "2001.04.21"]
[PlyCount "129"]

1.d4 Nf6 2.Nf3 e6 3.g3 c5 4.Bg2 Nc6 5.O-O Qb6 6.e3 d5 7.Nc3 cxd4 8.Nxd4 
Bd7 9.Nb3 Rd8 10.Qe2 Be7 11.a4 Nb4 12.e4 dxe4 13.Be3 Qc7 14.Rfc1 a6 15.
Nxe4 Nxe4 16.Bxe4 Bc6 17.Qc4 Rc8 18.Bxc6+ Qxc6 19.Qg4 Rf8 20.Nd4 h5 21.Qf4
Qd6 22.Qf3 Qd5 23.Qxd5 Nxd5 24.Bd2 Bf6 25.c4 Bxd4 26.cxd5 Ke7 27.Bb4+ Kd7 
28.dxe6+ fxe6 29.Rd1 e5 30.Bc3 Rc4 31.Bxd4 exd4 32.Rd3 Rd8 33.b3 Rb4 34.
Re1 Kd6 35.f4 Rd7 36.Kf2 Kc7 37.Kf3 Rb6 38.Re5 g6 39.Ke4 Rbd6 40.h3 Kc6 
41.g4 hxg4 42.hxg4 b6 43.b4 Rd8 44.Re7 a5 45.bxa5 bxa5 46.Re5 Kb6 47.g5 
Rf8 48.Rb3+ Ka6 49.Rbb5 d3 50.Rxa5+ Kb7 51.Reb5+ Rb6 52.Rxb6+ Kxb6 53.Rd5 
Ra8 54.Rxd3 Kc5 55.Rd5+ Kc6 56.a5 Rf8 57.Re5 Kd6 58.a6 Ra8 59.Ra5 Kc6 60.
a7 Kb7 61.f5 gxf5+ 62.Kxf5 Rf8+ 63.Ke6 Ra8 64.g6 Rg8 65.Rg5 1-0

[Event "2nd EUR-ch (w)"]
[Site "Warsaw POL"]
[Date "2001.05.01"]
[Round "9.20"]
[White "Kiseleva, Natalia"]
[Black "Peng Zhaoqin"]
[Result "0-1"]
[WhiteElo "2296"]
[BlackElo "2391"]
[EventDate "2001.04.21"]
[PlyCount "104"]

1.d4 d5 2.c4 e6 3.Nf3 c6 4.Qc2 Nf6 5.g3 dxc4 6.Qxc4 b5 7.Qc2 Bb7 8.Bg2 
Nbd7 9.Ne5 Qb6 10.Be3 c5 11.Nxd7 Nxd7 12.Bxb7 Qxb7 13.O-O Rc8 14.Rc1 c4 
15.a4 a6 16.axb5 axb5 17.Nc3 Bb4 18.d5 exd5 19.Ra7 Qc6 20.Rca1 Nb8 21.Qf5 
O-O 22.Nxd5 Bc5 23.Bxc5 Qxc5 24.Rb7 Kh8 25.Ra8 h6 26.e4 Rcd8 27.Ra5 Qd4 
28.Raxb5 Nc6 29.R5b6 Ne5 30.Kg2 Nd3 31.Ne3 Nc5 32.Re7 Nxe4 33.Rxh6+ gxh6 
34.Rxe4 Qxb2 35.Nxc4 Qb7 36.Qf6+ Kh7 37.f3 Qd5 38.Rh4 h5 39.g4 Rg8 40.Ne5 
Rg7 41.Rxh5+ Kg8 42.Qh4 Kf8 43.Rh8+ Rg8 44.Qh6+ Ke7 45.Nc6+ Kd7 46.Nxd8 
Rxg4+ 47.Kf2 Qa2+ 48.Ke3 Qb3+ 49.Kf2 Qc2+ 50.Ke3 Qc5+ 51.Ke2 Qc4+ 52.Ke3 
Qd4+ 0-1

[Event "2nd EUR-ch (w)"]
[Site "Warsaw POL"]
[Date "2001.05.01"]
[Round "9.21"]
[White "Kosintseva, Nadezhda"]
[Black "Shumiakina, Tatiana"]
[Result "1-0"]
[WhiteElo "2289"]
[BlackElo "2376"]
[EventDate "2001.04.21"]
[PlyCount "87"]

1.e4 c5 2.Nf3 e6 3.d4 cxd4 4.Nxd4 Nf6 5.Nc3 Nc6 6.Ndb5 d6 7.Bf4 e5 8.Bg5 
a6 9.Na3 b5 10.Nd5 Be7 11.Bxf6 Bxf6 12.c3 Bg5 13.Nc2 Rb8 14.Be2 a5 15.O-O 
Ne7 16.Qd3 Be6 17.Nce3 Bxe3 18.Nxe3 O-O 19.Rfd1 Rb6 20.Bg4 Qc7 21.Rd2 Rc8 
22.Qe2 Bxg4 23.Qxg4 g6 24.Rad1 Kg7 25.h4 h5 26.Qg5 f6 27.Qg3 Kf7 28.Qf3 
Rh8 29.Qe2 Rhb8 30.a4 bxa4 31.Nc4 Rc6 32.Nxd6+ Kg8 33.Nb5 Qb6 34.c4 Qc5 
35.Rd7 Kf8 36.Qd2 Kg7 37.Qxa5 Kf8 38.Rd8+ Rxd8 39.Qxd8+ Kf7 40.Nd6+ Ke6 
41.Nb7 Qxc4 42.Qd7+ Kf7 43.Nd8+ Kf8 44.Nxc6 1-0

[Event "2nd EUR-ch (w)"]
[Site "Warsaw POL"]
[Date "2001.05.01"]
[Round "9.23"]
[White "Socko, Monika"]
[Black "Tereladze, Sopiko"]
[Result "1-0"]
[WhiteElo "2351"]
[BlackElo "2267"]
[EventDate "2001.04.21"]
[PlyCount "69"]

1.d4 Nf6 2.c4 c5 3.d5 e6 4.Nc3 exd5 5.cxd5 d6 6.e4 g6 7.f4 Bg7 8.Nf3 O-O 
9.Be2 Re8 10.e5 dxe5 11.fxe5 Ng4 12.Bg5 Qa5 13.O-O Nxe5 14.Nxe5 Rxe5 15.
Bf4 Re8 16.Bc4 Qb4 17.Qb3 Qxb3 18.axb3 Bd7 19.Nb5 Bxb2 20.Rad1 Na6 21.Nd6 
Bd4+ 22.Kh1 b5 23.Nxb5 Bg4 24.Nxd4 Bxd1 25.Rxd1 cxd4 26.Bxa6 Re4 27.Bc7 
Rae8 28.Kg1 d3 29.Rxd3 Re1+ 30.Kf2 R1e2+ 31.Kf3 Rc2 32.Bg3 f5 33.d6 g5 34.
d7 Rd8 35.Bc4+ 1-0

[Event "2nd EUR-ch (w)"]
[Site "Warsaw POL"]
[Date "2001.05.01"]
[Round "9.24"]
[White "Sikorova, Olga"]
[Black "Manakova, Maria"]
[Result "1-0"]
[WhiteElo "2236"]
[BlackElo "2395"]
[EventDate "2001.04.21"]
[PlyCount "111"]

1.e4 e6 2.d4 d5 3.e5 c5 4.c3 Qb6 5.Nf3 Bd7 6.a3 a5 7.Be2 a4 8.O-O Ne7 9.c4
cxd4 10.Nxd4 dxc4 11.Bxc4 Nbc6 12.Nf3 Qc5 13.Qe2 Na5 14.Bd3 Nb3 15.Be3 Qc7
16.Ra2 Nc6 17.Nc3 Nxe5 18.Nb5 Bxb5 19.Bxb5+ Nc6 20.Qc4 Bd6 21.Bxa4 Nc5 22.
Bxc5 Bxc5 23.Rc1 Bd6 24.Bxc6+ bxc6 25.g3 Rc8 26.b4 O-O 27.Nd4 e5 28.Nxc6 
Rfe8 29.Re2 Ra8 30.Re3 Qb7 31.Qd5 Bf8 32.Rd1 Qc7 33.Rdd3 g6 34.Rxe5 Rec8 
35.Rc3 Qb6 36.Ree3 Re8 37.Rf3 Qb7 38.Rce3 Red8 39.Qc4 Rd1+ 40.Kg2 Rd7 41.
b5 h5 42.a4 Rc7 43.Re4 Kh7 44.Rfe3 Rac8 45.Re8 Bh6 46.R3e4 Rd7 47.Rxc8 
Qxc8 48.a5 f5 49.Re6 f4 50.Qe4 Rg7 51.gxf4 Bxf4 52.Rxg6 Rxg6+ 53.Qxg6+ 
Kxg6 54.Ne7+ Kf6 55.Nxc8 Ke6 56.a6 1-0

[Event "2nd EUR-ch (w)"]
[Site "Warsaw POL"]
[Date "2001.05.01"]
[Round "9.26"]
[White "Grabarska, Barbara"]
[Black "Zielinska, Marta"]
[Result "0-1"]
[WhiteElo "2213"]
[BlackElo "2377"]
[EventDate "2001.04.21"]
[PlyCount "130"]

1.e4 d6 2.d4 Nf6 3.Nc3 Nc6 4.Nf3 Bg4 5.Be2 e5 6.Be3 Bxf3 7.Bxf3 exd4 8.
Bxd4 Nxd4 9.Qxd4 c6 10.O-O Qb6 11.Qd2 Be7 12.Ne2 O-O 13.Nd4 g6 14.c3 Rfe8 
15.h4 Qc5 16.Qf4 Nd7 17.Bd1 Qe5 18.Qxe5 Nxe5 19.h5 Nc4 20.hxg6 hxg6 21.Bc2
Bf6 22.Rfe1 a6 23.b3 Na3 24.Bd3 c5 25.Ne2 b5 26.Rac1 c4 27.bxc4 bxc4 28.
Bb1 Nxb1 29.Rxb1 Rxe4 30.Nd4 Rxe1+ 31.Rxe1 Bxd4 32.cxd4 Rb8 33.d5 Rb5 34.
Rc1 Rc5 35.f4 Kg7 36.Kf2 c3 37.Rc2 Kf6 38.Kf3 g5 39.fxg5+ Ke5 40.Ke3 Kxd5 
41.Kd3 Kc6 42.Kd4 Kb5 43.Rxc3 Rxc3 44.Kxc3 Kc5 45.Kd3 Kd5 46.Kc3 a5 47.Kd3
Kc5 48.Kc3 d5 49.a3 a4 50.Kd3 d4 51.Kd2 Kc4 52.Kc2 d3+ 53.Kd2 Kd4 54.Kd1 
Kc3 55.Kc1 Kb3 56.Kd2 Kxa3 57.Kxd3 Kb3 58.Ke4 a3 59.Kf5 a2 60.Kf6 a1=Q+ 
61.Kxf7 Qf1+ 62.Kg7 Qxg2 63.g6 Kc4 64.Kf7 Qf3+ 65.Ke6 Qd5+ 0-1

[Event "2nd EUR-ch (w)"]
[Site "Warsaw POL"]
[Date "2001.05.01"]
[Round "9.29"]
[White "Graf-Mamedova, Rena"]
[Black "Khasanova, Elmira"]
[Result "1/2-1/2"]
[WhiteElo "2353"]
[BlackElo "2249"]
[EventDate "2001.04.21"]
[PlyCount "109"]

1.d4 Nf6 2.c4 c5 3.d5 b5 4.cxb5 a6 5.e3 axb5 6.Bxb5 Qa5+ 7.Nc3 Bb7 8.Bd2 
Qb6 9.Qf3 e6 10.e4 exd5 11.exd5 Nxd5 12.Nxd5 Qe6+ 13.Ne2 Qxd5 14.Qxd5 Bxd5
15.O-O Be7 16.Bc3 O-O 17.Nf4 Be6 18.a4 Bg5 19.Be5 Bxf4 20.Bxf4 d5 21.Rfd1 
Rc8 22.a5 Nc6 23.a6 Ra7 24.Bd6 Nd4 25.Rxd4 cxd4 26.b4 Bd7 27.Bxd7 Rxd7 28.
Bc5 d3 29.Kf1 Re8 30.a7 d2 31.Rd1 Ra8 32.Rxd2 Rdxa7 33.Bxa7 Rxa7 34.Rxd5 
Kf8 35.Re5 Ra1+ 36.Re1 Ra2 37.Rb1 Ke7 38.b5 Kd6 39.g4 Kc7 40.Kg2 Kb6 41.
Re1 Ra7 42.Re5 Rd7 43.g5 Rc7 44.Rf5 Rc5 45.Rxc5 Kxc5 46.Kf3 Kxb5 47.Ke4 
Kc6 48.h4 Kd6 49.f4 Ke6 50.f5+ Kd6 51.Kd4 f6 52.Ke4 Kc5 53.Kf4 Kd5 54.Kg4 
Ke5 55.g6 1/2-1/2

[Event "2nd EUR-ch (w)"]
[Site "Warsaw POL"]
[Date "2001.05.01"]
[Round "9.32"]
[White "Kosintseva, Tatiana"]
[Black "Dzagnidze, Nana"]
[Result "0-1"]
[WhiteElo "2333"]
[BlackElo "2241"]
[EventDate "2001.04.21"]
[PlyCount "62"]

1.e4 c5 2.Nf3 d6 3.d4 cxd4 4.Nxd4 Nf6 5.Nc3 a6 6.Bc4 e6 7.Bb3 b5 8.O-O Be7
9.Qf3 Qc7 10.Qg3 b4 11.Na4 Nxe4 12.Qxg7 Bf6 13.Qg4 Bb7 14.Be3 h5 15.Qe2 
Nd7 16.Rac1 h4 17.c3 Rg8 18.f3 h3 19.g3 Nxg3 20.hxg3 Rxg3+ 21.Kh1 Ne5 22.
cxb4 Qd8 23.Nc3 Ng4 24.Rg1 Rg2 25.Rxg2 hxg2+ 26.Kg1 Be5 27.Qxg2 Bh2+ 28.
Kh1 Qh4 29.Ba4+ Kf8 30.Bh6+ Qxh6 31.Qxg4 Bg3+ 0-1

[Event "2nd EUR-ch (w)"]
[Site "Warsaw POL"]
[Date "2001.05.01"]
[Round "9.33"]
[White "Bogza, Adina"]
[Black "Popova, Natalia"]
[Result "1/2-1/2"]
[WhiteElo "2252"]
[BlackElo "2308"]
[EventDate "2001.04.21"]
[PlyCount "66"]

1.d4 Nf6 2.Nf3 g6 3.Bg5 Bg7 4.Nbd2 d5 5.e3 O-O 6.Bd3 c5 7.c3 Qb6 8.Rb1 Nc6
9.O-O e5 10.Nxe5 Nxe5 11.dxe5 Ng4 12.Nf3 Nxe5 13.Nxe5 Bxe5 14.f4 Bf6 15.
Bxf6 Qxf6 16.Qf3 Bf5 17.Rbd1 Rad8 18.Bxf5 Qxf5 19.Rd2 Rfe8 20.Rfd1 Re4 21.
Rf2 h5 22.h3 h4 23.Rfd2 Qe6 24.f5 gxf5 25.Qh5 Rd7 26.Rf1 Rxe3 27.Qxh4 Qg6 
28.Qf4 Rxh3 29.Qxf5 Qxf5 30.Rxf5 Re3 31.Kf2 Ree7 32.Rfxd5 Rxd5 33.Rxd5 b6 
1/2-1/2

[Event "2nd EUR-ch (w)"]
[Site "Warsaw POL"]
[Date "2001.05.01"]
[Round "9.34"]
[White "Kharashkina, Bairta"]
[Black "Kulish, Irina"]
[Result "1/2-1/2"]
[WhiteElo "2173"]
[BlackElo "2302"]
[EventDate "2001.04.21"]
[PlyCount "139"]

1.e4 e5 2.Nf3 Nc6 3.d4 exd4 4.Nxd4 Nf6 5.Nxc6 bxc6 6.e5 Qe7 7.Qe2 Nd5 8.c4
Nb6 9.Nd2 Bb7 10.b3 a5 11.Bb2 a4 12.Qe3 axb3 13.axb3 Rxa1+ 14.Bxa1 Qa3 15.
Bc3 Bc5 16.Bb2 Qxb2 17.Qxc5 Qc1+ 18.Ke2 d6 19.exd6 O-O 20.Qe3 Nd7 21.g3 
cxd6 22.Bg2 Qb2 23.Rd1 Nf6 24.Kf1 Re8 25.Qb6 Qc2 26.Bf3 Bc8 27.Kg2 Bd7 28.
Qc7 d5 29.cxd5 Rc8 30.Qb7 cxd5 31.Nf1 Re8 32.Qb6 Bg4 33.Bxg4 Nxg4 34.Rd2 
Qf5 35.Qd4 Qe4+ 36.Qxe4 dxe4 37.h3 Ne5 38.Ne3 Nd3 39.Ra2 g6 40.Nd5 Kg7 41.
Ra1 Rd8 42.Nc3 Rb8 43.Rb1 f5 44.Nd5 Kf7 45.f3 Ke6 46.Nf4+ Ke5 47.Ne2 Ra8 
48.f4+ Kd5 49.Kf1 Kc5 50.g4 Ra2 51.gxf5 gxf5 52.h4 Kb4 53.h5 h6 54.Ng3 
Rf2+ 55.Kg1 Rxf4 56.Ra1 Rg4 57.Kh2 Rg5 58.Rf1 f4 59.Nxe4 Rxh5+ 60.Kg2 Kxb3
61.Kf3 Rh3+ 62.Kg4 Re3 63.Nd2+ Kc3 64.Nf3 Re2 65.Kh5 Rf2 66.Rxf2 Nxf2 67.
Kxh6 Kd3 68.Kg5 Ke3 69.Nh4 Ne4+ 70.Kg4 1/2-1/2

[Event "2nd EUR-ch (w)"]
[Site "Warsaw POL"]
[Date "2001.05.01"]
[Round "9.35"]
[White "Alexandrova, Olga"]
[Black "Benderac, Ana"]
[Result "1-0"]
[WhiteElo "2419"]
[BlackElo "2230"]
[EventDate "2001.04.21"]
[PlyCount "67"]

1.d4 d5 2.c4 c6 3.Nc3 e6 4.e3 Bd6 5.Bd3 Nf6 6.Nf3 Nbd7 7.Qc2 dxc4 8.Bxc4 
e5 9.O-O O-O 10.Bd2 Qe7 11.h3 e4 12.Ng5 Nb6 13.Bb3 Bf5 14.f3 Rae8 15.fxe4 
Bg6 16.Qd1 h6 17.e5 hxg5 18.exf6 gxf6 19.Qf3 f5 20.Rae1 Kg7 21.Bc2 g4 22.
hxg4 Rh8 23.e4 Qh4 24.e5 fxg4 25.Qf6+ Qxf6 26.exf6+ Kf8 27.Bxg6 fxg6 28.
Ne4 Bh2+ 29.Kf2 Bc7 30.Ng5 Nd5 31.f7 Rc8 32.Rh1 Rxh1 33.Rxh1 Kg7 34.Ke2 
1-0

[Event "2nd EUR-ch (w)"]
[Site "Warsaw POL"]
[Date "2001.05.01"]
[Round "9.36"]
[White "Celuskina, Irina"]
[Black "Mamedyarova, Zeinab"]
[Result "0-1"]
[WhiteElo "2388"]
[BlackElo "2226"]
[EventDate "2001.04.21"]
[PlyCount "194"]

1.g3 Nf6 2.Bg2 g6 3.e4 d6 4.d4 Bg7 5.Ne2 O-O 6.O-O Nc6 7.d5 Nb8 8.a4 a5 9.
Na3 Na6 10.Nc3 Nc5 11.Be3 e6 12.dxe6 Bxe6 13.Nab5 Qc8 14.f3 b6 15.Re1 h5 
16.Qe2 Re8 17.Rad1 Bd7 18.b3 Bc6 19.Nd4 Bb7 20.Bf4 Nfd7 21.Nd5 Ne6 22.Nxe6
fxe6 23.Nc3 Nc5 24.e5 d5 25.Nb5 Qd7 26.Bg5 Rf8 27.Nd4 Rae8 28.Qe3 Qf7 29.
h4 Nd7 30.Bf4 Nb8 31.Bf1 Qe7 32.Bh3 Qf7 33.c3 Nc6 34.Nxc6 Bxc6 35.Bf1 Ra8 
36.Bd3 Be8 37.Bg5 Rb8 38.Rf1 c5 39.Bc2 Qc7 40.Rde1 Rb7 41.Qe2 c4 42.bxc4 
Qxc4 43.Qxc4 dxc4 44.f4 Kf7 45.Re4 Bc6 46.Rxc4 Bd5 47.Rd4 Rc8 48.f5 Bxe5 
49.fxg6+ Kg7 50.Rd3 Bc4 51.Re3 Bxf1 52.Rxe5 Bh3 53.Be4 Rd7 54.Bf4 Rc4 55.
Kf2 Bg4 56.Bb1 Rxa4 57.Rb5 Bf5 58.Bxf5 exf5 59.Rxb6 Ra2+ 60.Ke3 Re7+ 61.
Kd4 Rae2 62.Kd5 a4 63.Ra6 Rd7+ 64.Kc5 Re8 65.c4 a3 66.Rxa3 Kxg6 67.Ra6+ 
Kg7 68.Kb5 Rd1 69.Ra7+ Kf6 70.Ra6+ Re6 71.Ra8 Rb1+ 72.Kc5 Rbb6 73.Kd5 Re4 
74.Rf8+ Kg6 75.Ra8 Kf6 76.Rh8 Rb3 77.Rh6+ Kf7 78.Rxh5 Rd3+ 79.Kc5 Rc3 80.
Rxf5+ Ke6 81.Rf8 Rcxc4+ 82.Kb5 Rb4+ 83.Ka5 Ra4+ 84.Kb5 Reb4+ 85.Kc5 Rc4+ 
86.Kb5 Rab4+ 87.Ka5 Rb7 88.Re8+ Kf6 89.Rf8+ Kg7 90.Rb8 Ra7+ 91.Kb5 Rc2 92.
Be5+ Kf7 93.Rb6 Rd7 94.Kb4 Rd1 95.Rf6+ Ke7 96.Kb3 Rc5 97.Bb2 Rb5+ 0-1

[Event "2nd EUR-ch (w)"]
[Site "Warsaw POL"]
[Date "2001.05.01"]
[Round "9.37"]
[White "Tetenkina, Irina"]
[Black "Pokorna, Regina"]
[Result "0-1"]
[WhiteElo "2221"]
[BlackElo "2376"]
[EventDate "2001.04.21"]
[PlyCount "82"]

1.c4 e6 2.Nf3 Nf6 3.g3 d5 4.b3 Be7 5.Bg2 O-O 6.Bb2 b6 7.O-O Bb7 8.d3 Nbd7 
9.Nbd2 Re8 10.Re1 Bf8 11.cxd5 Nxd5 12.a3 N5f6 13.Nc4 c5 14.a4 Qc7 15.Nce5 
Rad8 16.Qc2 Nxe5 17.Bxe5 Qe7 18.a5 Nd5 19.axb6 axb6 20.Qc4 f6 21.Bb2 Ra8 
22.e4 Nb4 23.d4 Rxa1 24.Rxa1 Bxe4 25.dxc5 Bxf3 26.Bxf3 Qxc5 27.Qg4 f5 28.
Qh5 Nd3 29.Bxg7 Kxg7 30.Ra2 Qc1+ 31.Bd1 Re7 32.Ra8 Nb2 33.Rd8 Nxd1 34.Rxd1
Qh6 35.Qf3 Rc7 36.Rd8 Qf6 37.Re8 Bc5 38.Qf4 Rd7 39.Qb8 Qd4 40.Rg8+ Kh6 41.
Kg2 Qxf2+ 0-1

[Event "2nd EUR-ch (w)"]
[Site "Warsaw POL"]
[Date "2001.05.01"]
[Round "9.38"]
[White "Calotescu, Ana-Cristina"]
[Black "Lopatskaya, Elena"]
[Result "1-0"]
[WhiteElo "2218"]
[BlackElo "2323"]
[EventDate "2001.04.21"]
[PlyCount "87"]

1.Nf3 Nf6 2.c4 d6 3.d4 Nbd7 4.Nc3 e5 5.g3 c6 6.Bg2 Be7 7.O-O O-O 8.Qc2 a6 
9.Rd1 Qc7 10.h3 Re8 11.Be3 Bf8 12.Rac1 exd4 13.Nxd4 Ne5 14.b3 g6 15.Bg5 
Bg7 16.e4 Ned7 17.Bf4 Ne5 18.Rd2 Be6 19.Rcd1 Bf8 20.Be3 Bc8 21.f4 Ned7 22.
Bf2 a5 23.a3 Nc5 24.b4 axb4 25.axb4 Ne6 26.Nf3 Nd7 27.Qb3 Ng7 28.Nd4 Nf6 
29.Qb2 Nd7 30.Kh1 f5 31.exf5 gxf5 32.b5 Nb6 33.bxc6 bxc6 34.Bxc6 Nxc4 35.
Qb3 Be6 36.Bxa8 Rxa8 37.Nxe6 Qc6+ 38.Kh2 Ra3 39.Qb5 Qc8 40.Nxg7 Nxd2 41.
Rxd2 Bxg7 42.Qd5+ Kh8 43.Nb5 Ra1 44.Nxd6 1-0

[Event "2nd EUR-ch (w)"]
[Site "Warsaw POL"]
[Date "2001.05.01"]
[Round "9.42"]
[White "Zakurdyaeva, Irina"]
[Black "Dimitrijevic, Aleksandra"]
[Result "1-0"]
[WhiteElo "2282"]
[BlackElo "2152"]
[EventDate "2001.04.21"]
[PlyCount "70"]

1.e4 c5 2.Nf3 e6 3.b3 Nc6 4.Bb2 d5 5.Bb5 dxe4 6.Ne5 Qc7 7.Bxc6+ bxc6 8.Qe2
Ne7 9.Qxe4 f6 10.Nc4 Nd5 11.d3 Be7 12.Qe2 O-O 13.Nbd2 a5 14.a4 e5 15.O-O-O
Be6 16.f3 Rad8 17.Qf2 Nb4 18.Kb1 Rd5 19.g4 Qd8 20.Qe2 Bf7 21.h4 Bd6 22.Ne4
Bb8 23.h5 h6 24.Ne3 Qb6 25.Nf5 Qd8 26.Bc1 Be6 27.Nxh6+ gxh6 28.Bxh6 Kh8 
29.g5 fxg5 30.Bxg5 Qb6 31.Bf6+ Rxf6 32.Nxf6 Rd4 33.Qg2 Nxc2 34.Qg6 Qxb3+ 
35.Kc1 Qa3+ 1-0

[Event "2nd EUR-ch (w)"]
[Site "Warsaw POL"]
[Date "2001.05.01"]
[Round "9.43"]
[White "Iwaniuk, Dorota"]
[Black "Johansson, Victoria"]
[Result "1/2-1/2"]
[WhiteElo "2266"]
[BlackElo "2149"]
[EventDate "2001.04.21"]
[PlyCount "109"]

1.e4 c6 2.d4 d5 3.e5 Bf5 4.Nf3 e6 5.Be2 Nd7 6.O-O Ne7 7.b3 c5 8.c4 dxc4 9.
bxc4 cxd4 10.Qxd4 Nc6 11.Qb2 Qb6 12.Qxb6 Nxb6 13.Nc3 Bb4 14.Nb5 O-O 15.Bf4
Na4 16.a3 Nc3 17.Bd1 Ba5 18.Bd2 Nxd1 19.Rfxd1 Bxd2 20.Rxd2 Na5 21.Rd7 Be4 
22.Nd6 Bc6 23.Rc7 Bxf3 24.gxf3 f6 25.f4 fxe5 26.fxe5 Rf4 27.c5 Raf8 28.Ra2
Nc6 29.Re2 Nd4 30.Re4 Nf3+ 31.Kg2 Rxe4 32.Nxe4 Nxe5 33.Rxb7 Rf7 34.Rxf7 
Kxf7 35.f4 Nc4 36.a4 Ke7 37.Kf3 Kd7 38.h4 h6 39.Kg4 g6 40.Nf6+ Kc6 41.Ng8 
Ne3+ 42.Kf3 Nf5 43.Ke4 Kxc5 44.Ke5 h5 45.Kxe6 Nxh4 46.Ne7 a5 47.Kf6 Ng2 
48.Nxg6 Nxf4 49.Nxf4 Kb4 50.Ke5 Kxa4 51.Kd4 Kb4 52.Nxh5 a4 53.Nf4 a3 54.
Nd5+ Kb3 55.Nc3 1/2-1/2

[Event "2nd EUR-ch (w)"]
[Site "Warsaw POL"]
[Date "2001.05.01"]
[Round "9.44"]
[White "Sudakova, Irina"]
[Black "Kucypera, Anna"]
[Result "1/2-1/2"]
[WhiteElo "2256"]
[BlackElo "2145"]
[EventDate "2001.04.21"]
[PlyCount "93"]

1.e4 c5 2.Ne2 Nc6 3.c4 e5 4.g3 g6 5.Bg2 Bg7 6.O-O Nf6 7.Nbc3 O-O 8.d3 d6 
9.f4 a6 10.f5 Nd4 11.Bg5 h6 12.Bxf6 Bxf6 13.Nxd4 cxd4 14.Nd5 g5 15.b4 b5 
16.cxb5 axb5 17.a4 bxa4 18.Rxa4 Bb7 19.Rxa8 Bxa8 20.Nxf6+ Qxf6 21.Qa4 Rd8 
22.Qa6 Kg7 23.Qc4 d5 24.exd5 Qd6 25.f6+ Kh8 26.b5 Bxd5 27.Bxd5 Qxd5 28.
Qxd5 Rxd5 29.Rb1 Rd7 30.b6 Rb7 31.g4 Kh7 32.Kf2 Kg6 33.Kf3 Kxf6 34.Ke4 Ke6
35.Rb5 f6 36.Rb1 Kd6 37.Kf5 Kc5 38.Kxf6 e4 39.dxe4 Rxb6+ 40.Rxb6 Kxb6 41.
e5 d3 42.e6 d2 43.e7 d1=Q 44.e8=Q Qxg4 45.Qe6+ Qxe6+ 46.Kxe6 Kc6 47.Kf5 
1/2-1/2

[Event "2nd EUR-ch (w)"]
[Site "Warsaw POL"]
[Date "2001.05.01"]
[Round "9.46"]
[White "Tsoganova, Monika"]
[Black "Toma, Katarzyna"]
[Result "1-0"]
[WhiteElo "2239"]
[BlackElo "2101"]
[EventDate "2001.04.21"]
[PlyCount "63"]

1.Nf3 Nf6 2.c4 g6 3.Nc3 d5 4.cxd5 Nxd5 5.Qa4+ Bd7 6.Qh4 Nxc3 7.dxc3 Nc6 8.
e4 e5 9.Bg5 Be7 10.Bc4 h6 11.Bxe7 Qxe7 12.Qg3 O-O-O 13.Bd5 Be8 14.O-O-O f6
15.Nh4 Qh7 16.Rd2 g5 17.Nf5 Bd7 18.Qf3 h5 19.Rhd1 g4 20.Qe3 b6 21.Qe2 Nb8 
22.Qc4 Bxf5 23.exf5 Qe7 24.Qe4 c5 25.b4 Kc7 26.b5 a5 27.bxa6 Rxd5 28.Rxd5 
Nc6 29.Rd7+ Qxd7 30.Rxd7+ Kxd7 31.Qd5+ Kc7 32.Qf7+ 1-0

[Event "2nd EUR-ch (w)"]
[Site "Warsaw POL"]
[Date "2001.05.01"]
[Round "9.47"]
[White "Lomakina, Galia"]
[Black "Lomineishvili, Maia"]
[Result "1/2-1/2"]
[WhiteElo "2134"]
[BlackElo "2437"]
[EventDate "2001.04.21"]
[PlyCount "90"]

1.Nf3 Nf6 2.g3 g6 3.Bg2 Bg7 4.O-O O-O 5.d3 d6 6.c4 Nc6 7.Nc3 e5 8.Rb1 a5 
9.a3 h6 10.b4 axb4 11.axb4 Be6 12.b5 Ne7 13.Qb3 Nd7 14.Ba3 f5 15.Nd2 Rb8 
16.Nd5 Nc8 17.Qc2 Ra8 18.Bb4 c6 19.bxc6 bxc6 20.Nc3 Nb8 21.Ra1 Rxa1 22.
Rxa1 Rf7 23.Ba5 Qd7 24.Rb1 Qa7 25.Qa4 e4 26.Nd5 Bd7 27.Nf4 Bc3 28.Rxb8 
Bxd2 29.Rxc8+ Bxc8 30.Qxc6 Bd7 31.Qxd6 Bxf4 32.Qxg6+ Rg7 33.Qb6 Qxb6 34.
Bxb6 Bc6 35.dxe4 Bc7 36.Bxc7 Rxc7 37.exf5 Bxg2 38.Kxg2 Rxc4 39.f4 Kf7 40.
Kf3 Kf6 41.g4 h5 42.h3 h4 43.e3 Ra4 44.Kf2 Ra2+ 45.Kf3 Ra4 1/2-1/2

[Event "2nd EUR-ch (w)"]
[Site "Warsaw POL"]
[Date "2001.05.01"]
[Round "9.49"]
[White "Zayats, Elena"]
[Black "Blimke, Dalia"]
[Result "1-0"]
[WhiteElo "2376"]
[BlackElo "2209"]
[EventDate "2001.04.21"]
[PlyCount "99"]

1.d4 Nf6 2.c4 g6 3.Nc3 Bg7 4.e4 d6 5.Be2 O-O 6.Bg5 c5 7.d5 Qa5 8.Bd2 a6 9.
a4 e6 10.Nf3 exd5 11.exd5 Qc7 12.h3 Re8 13.O-O Nbd7 14.Ra2 Ne4 15.Nxe4 
Rxe4 16.b3 Nf6 17.Bd3 Re8 18.Qc1 Bd7 19.Bh6 Bh8 20.Qf4 b5 21.Bg5 Nh5 22.
Qh4 bxc4 23.bxc4 f6 24.Bd2 f5 25.g4 fxg4 26.Ng5 gxh3 27.Nxh7 Bf5 28.Bxf5 
gxf5 29.Ng5 Nf6 30.Bc3 Nh7 31.Ra3 Bxc3 32.Rxc3 Nxg5 33.Rg3 Re7 34.Kh2 Rg7 
35.Rfg1 Qe7 36.Rxg5 Qe5+ 37.Kxh3 Ra7 38.R1g3 Rxg5 39.Qxg5+ Rg7 40.Qd8+ Kh7
41.Qh4+ Kg8 42.Re3 Qd4 43.Re8+ Kf7 44.Qh5+ Rg6 45.Qxf5+ Kxe8 46.Qxg6+ Kd7 
47.Qg4+ Ke7 48.Qxd4 cxd4 49.Kg3 Kf6 50.Kf4 1-0

[Event "2nd EUR-ch (w)"]
[Site "Warsaw POL"]
[Date "2001.05.01"]
[Round "9.50"]
[White "Moshina, Cristina"]
[Black "Agababean, Naira"]
[Result "1-0"]
[WhiteElo "2235"]
[BlackElo "2362"]
[EventDate "2001.04.21"]
[PlyCount "108"]

1.e4 c5 2.Nf3 Nc6 3.d4 cxd4 4.Nxd4 e5 5.Nb5 Nf6 6.N1c3 Bb4 7.Nd6+ Ke7 8.
Nxc8+ Rxc8 9.Bd3 Bxc3+ 10.bxc3 Qa5 11.Bd2 d6 12.O-O h6 13.f4 Qc5+ 14.Kh1 
a6 15.a4 exf4 16.Rxf4 Ne5 17.Rf5 Nfd7 18.Rb1 Rc7 19.Qe2 g6 20.Rf4 f6 21.
Rb4 Rf8 22.Rf1 h5 23.h3 Nc6 24.Rb2 Nde5 25.Rfb1 Nd8 26.Be3 Qxc3 27.Bb6 Rc6
28.Rb3 Rxb6 29.Rxb6 Qc5 30.Rxb7+ Nxb7 31.Rxb7+ Ke6 32.Bxa6 Rc8 33.Rb5 Qxc2
34.Bxc8+ Qxc8 35.Qb2 f5 36.exf5+ gxf5 37.a5 f4 38.Rb8 Qa6 39.Rb5 Qa8 40.
Qe2 Qc6 41.Rb1 Qa4 42.a6 Kf6 43.Rb7 Qc6 44.Rb4 f3 45.gxf3 Kg7 46.Re4 Qc1+ 
47.Kh2 Qa1 48.Rb4 Kg6 49.f4 Nf7 50.Qg2+ Kh6 51.Re4 Qf6 52.a7 d5 53.a8=Q 
dxe4 54.Qaxe4 Nd6 1-0

[Event "2nd EUR-ch (w)"]
[Site "Warsaw POL"]
[Date "2001.05.01"]
[Round "9.51"]
[White "Bosboom-Lanchava, Tea"]
[Black "Schuurman, Petra"]
[Result "1-0"]
[WhiteElo "2351"]
[BlackElo "2193"]
[EventDate "2001.04.21"]
[PlyCount "121"]

1.d4 Nf6 2.c4 c5 3.d5 b5 4.Nf3 g6 5.Qc2 bxc4 6.e4 Bg7 7.Bxc4 d6 8.O-O O-O 
9.Bd2 Bg4 10.Be2 Nfd7 11.Bc3 Bxf3 12.Bxf3 Na6 13.b3 Bxc3 14.Nxc3 Rb8 15.
Be2 Qa5 16.f4 Nc7 17.Kh1 a6 18.Bg4 Nb5 19.Ne2 Nf6 20.Bf3 Nd7 21.Qd3 Qb4 
22.Rac1 Qa3 23.Qd2 Qb4 24.Qxb4 cxb4 25.Rc4 a5 26.Rfc1 Nc5 27.Rd1 Rfc8 28.
e5 Rc7 29.Nd4 Nxd4 30.Rdxd4 Ra7 31.Kg1 Kf8 32.Kf2 Ra6 33.Be2 Rab6 34.Bd1 
Kg7 35.Rc1 R6b7 36.Ke3 f6 37.Rdc4 fxe5 38.fxe5 Ra7 39.e6 Rf8 40.Bf3 Ra6 
41.h4 h6 42.Rg4 Rf6 43.Bd1 Ra8 44.Rcc4 Kh8 45.Bc2 Rg8 46.Rg3 Rg7 47.Ke2 g5
48.hxg5 hxg5 49.Rcg4 Rf8 50.Rxg5 Rxg5 51.Rxg5 Rc8 52.Kd2 Rf8 53.Ke2 Rf4 
54.g4 Rf6 55.Rh5+ Kg8 56.Rh7 Kf8 57.Rh8+ Kg7 58.Re8 Rh6 59.Rxe7+ Kf8 60.
Rf7+ Ke8 61.Rf2 1-0

[Event "2nd EUR-ch (w)"]
[Site "Warsaw POL"]
[Date "2001.05.01"]
[Round "9.52"]
[White "Grosar, Kiti"]
[Black "Slavina, Irina"]
[Result "0-1"]
[WhiteElo "2244"]
[BlackElo "2332"]
[EventDate "2001.04.21"]
[PlyCount "116"]

1.e4 e5 2.Nf3 Nc6 3.d4 exd4 4.Nxd4 Bb4+ 5.c3 Bc5 6.Be3 Bb6 7.Nd2 Nf6 8.Be2
O-O 9.O-O Re8 10.Bd3 h6 11.Nxc6 bxc6 12.Re1 d6 13.h3 Bxe3 14.Rxe3 Rb8 15.
b3 c5 16.Qe2 Bb7 17.c4 Nd7 18.f4 Nf8 19.Rf1 Ne6 20.Qg4 Qf6 21.Nf3 Qxf4 22.
Qxf4 Nxf4 23.Bc2 Ng6 24.Kf2 a5 25.Rfe1 Ne5 26.Nxe5 Rxe5 27.a4 h5 28.h4 
Rbe8 29.R1e2 g6 30.Re1 Kg7 31.Bd3 Bc8 32.Bc2 f5 33.Kf3 Bb7 34.Kf4 fxe4 35.
R1e2 Rf8+ 36.Kg3 Rf1 37.Bxe4 Bxe4 38.Rxe4 Rff5 39.Rxe5 Rxe5 40.Rb2 Re4 41.
Kh3 Kf6 42.Rf2+ Ke5 43.Rf3 Re1 44.g3 c6 45.Rf8 Rb1 46.Re8+ Kf6 47.Rd8 Ke7 
48.Rg8 Rxb3 49.Rxg6 Rb4 50.Rh6 Rxc4 51.Rxh5 Rxa4 52.Rh7+ Ke6 53.h5 Ra1 54.
h6 c4 55.Kg2 c3 56.Rb7 c2 57.h7 c1=Q 58.h8=Q Qf1+ 0-1

[Event "2nd EUR-ch (w)"]
[Site "Warsaw POL"]
[Date "2001.05.01"]
[Round "9.55"]
[White "Nill, Jessica"]
[Black "Sosnowska, Elzbieta"]
[Result "1-0"]
[WhiteElo "2263"]
[BlackElo "2095"]
[EventDate "2001.04.21"]
[PlyCount "63"]

1.d4 d5 2.Nf3 Nf6 3.c4 e6 4.Nc3 Nbd7 5.Bf4 Bb4 6.e3 c5 7.a3 Bxc3+ 8.bxc3 
Ne4 9.Qb3 O-O 10.Bd3 Qa5 11.Bxe4 dxe4 12.Nd2 cxd4 13.exd4 e5 14.Bg3 Re8 
15.Qb4 Qa6 16.O-O Qg6 17.Rfe1 f5 18.Bxe5 Nxe5 19.dxe5 Rxe5 20.f4 Re7 21.
Qxe7 Be6 22.Rad1 Re8 23.Qg5 Qf7 24.Nf1 h6 25.Qh4 Bxc4 26.Rd8 Bd3 27.Rxe8+ 
Qxe8 28.Ne3 Qc8 29.c4 Kh7 30.Qe7 a6 31.Qe5 Kg6 32.h4 1-0